[Event "Naestved Unichess 3"]
[Site "Naestved"]
[Date "1996.10.20"]
[Round "5"]
[White "Truelsen, Kasper Achton"]
[Black "Hansen, Svend Richard"]
[Result "0-1"]
[WhiteElo "1000"]
[BlackElo "1333"]
[PlyCount "60"]
[EventDate "1996.10.12"]
[EventType "swiss"]
[EventRounds "5"]
[EventCountry "DEN"]
[SourceTitle "EXT 2023"]
[Source "ChessBase"]
[SourceDate "2022.10.05"]
[SourceVersion "1"]
[SourceVersionDate "2022.10.05"]
[SourceQuality "1"]

1. d4 f5 2. f3 Nf6 3. c4 g6 4. d5 d6 5. Qc2 Bg7 6. e4 0-0 7. Nc3 e5 8. b3 Na6 9. Bg5 h6 10. Bxf6 Qxf6 11. 0-0-0 Bd7 12. Kb1 c6 13. Be2 Nc7 14. h3 a6 15. a4 c5 16. g4 f4 17. Ka1 Rfb8 18. Kb1 b6 19. Rd2 Rb7 20. Qd1 b5 21. axb5 axb5 22. Kc2 b4 23. Na4 Bxa4 24. bxa4 Rxa4 25. Kb2 Rba7 26. Bd3 Qd8 27. Kc2 Qa8 28. Bf1 Ra3 29. Rd3 Ra2+ 30. Kb3 R7a3# 0-1